000 00596nam a22002057a 4500
999 _c35343
_d35343
003 OSt
005 20220602133641.0
008 181211b xxu||||| |||| 00| 0 spa d
020 _a978-987-614-192-5
040 _cBiblioteca Ernesto Sábato
092 _a070.444
_bG314
_eJLS
100 _aGelman, Juan
245 _aEscritos urgentes.
_b Las mejores crónicas del poeta
260 _aBuenos Aires
_bCapital Intelectual
_c2009
300 _a2 v.
440 _aClaves para todos. Dirigida por José Nun
_n 103
_n 104
650 _aCRÓNICAS PERIODÍSTICAS
650 _aJLS
942 _2ddc
_cJLS